000 00377nam a2200133Ia 4500
005 20260328104343.0
008 260328s9999||||xx |||||||||||||| ||und||
100 _aIzquierdo, Cristián
245 0 _aComposición Centralizada :
_b Ensayos en Torno a Ocho Casas de Madera /
_cCristián Izquierdo
260 _bARQ
300 _a222 p.
650 _aCASAS DE CAMPO
942 _cBK
999 _c12209
_d12209